000 00393nam a2200133Ia 4500
008 220204s9999 xx 000 0 und d
082 _aNR:063TSR 1996
_bSEM;3
245 0 _aSeminar on technically specified rubber January 4,1996
260 _aKottayam
_bRubber Board,Dept of P & PD
_c1996
650 _aEnergy conservation
650 _aISO 9000
650 _aQuality consistency
942 _cBK
999 _c43805
_d43805